[Event "SUR-ch"]
[Site "Paramaribo"]
[Date "2011.02.25"]
[Round "6"]
[White "Giasi, Viresh"]
[Black "Veer, Willem"]
[Result "1-0"]
[WhiteElo "1921"]
[BlackElo "1942"]
[PlyCount "63"]
[EventDate "2011.02.18"]
[EventType "tourn"]
[EventRounds "13"]
[EventCountry "SUR"]
[SourceTitle "EXT 2013"]
[Source "ChessBase"]
[SourceDate "2012.11.22"]
[SourceVersion "1"]
[SourceVersionDate "2012.11.22"]
[SourceQuality "1"]

1. d4 c5 2. e4 cxd4 3. Qxd4 Nc6 4. Qd1 g6 5. Be3 Bg7 6. Nc3 d6 7. Qd2 Nf6 8. f3 0-0 9. g4 Be6 10. Nge2 Ne5 11. Nd4 Qc8 12. 0-0-0 Bc4 13. Bh6 Bxf1 14. Bxg7 Kxg7 15. Rdxf1 Qc4 16. h4 Rh8 17. h5 e6 18. Rf2 a6 19. h6+ Kf8 20. Rd1 Rd8 21. g5 Nh5 22. Nde2 Ke7 23. Nf4 Nxf4 24. Qxf4 Nd7 25. Qxd6+ Ke8 26. Rfd2 Qc6 27. Qd4 Rg8 28. e5 Qxf3 29. Ne4 f5 30. Nf6+ Kf7 31. Qxd7+ Rxd7 32. Rxd7+ 1-0